000 00348nam a2200145 i 4500
001 bg
100 1 _aBABIŃSKI, Mieczysław
245 0 _aMonografia torów bezstykowych /
_cMieczysław Babiński.
260 _aKraków,
_c1973.
040 _cBPK
041 _apol
080 _a625.1
942 _cKS
008 s pl f |000 0 pol
999 _c26268
_d26268
856 _uhttp://koha.tu.koszalin.pl/cgi-bin/koha/opac-detail.pl?biblionumber=26268
_yKatalog online BPK